| 000 | 00468nam a2200157 i 4500 | ||
|---|---|---|---|
| 001 | 31241 | ||
| 003 | ES-MaACL | ||
| 005 | 20230906154337.0 | ||
| 007 | t| | ||
| 008 | 030128s1897 fr ||||1| fre d | ||
| 100 | 1 |
_aBeauchet, Ludorie. _926806 |
|
| 245 | 1 | 0 |
_aHistorie de droit privé de la Republiqué Athéniennse / _cpar Ludorie Beauchet. |
| 260 |
_aParís : _b[s.n., _c1897] ( _eMayenne : _fT. Sondée) |
||
| 300 |
_a4 v. ; _c25 cm. |
||
| 852 |
_aES-MaACL _jT-10422-5 |
||
| 999 |
_c31241 _d31241 |
||